000 00654nam a2200241 i 4500
001 C2-0148118
003 PPAK
005 20180727131357.0
008 980317s1996 my a|||| ||||| | eng d
020 _a9838994901
040 _aPPAK
_beng
_cPPAK
_erda
082 0 4 _a398.22
_223
090 0 0 _a398.22
_bOCO
_dK
100 1 _aO'Connor, W.F.,
_eauthor
245 1 0 _aFolk tales of Tibet
264 1 _aKuala Lumpur :
_bSynergy Books ,
_c1996
300 _a123 pages :
_billustrations ;
_c18 cm
336 _2rdacontent
_atext
337 _2rdamedia
_aunmediated
338 _2rdacarrier
_avolume
650 1 0 _aFolk literature, English
942 _ddc
_cB
999 _c46760
_d46760